000 00219nam a2200109Ia 4500
100 _aCIMI-DGET
942 _cBK
245 _aSheet Metal Worker Practical
260 _bCIMI
_aChennai
546 _aENGLISH
999 _c34794
_d34794